| 000 | 00501nam a2200145Ia 4500 | ||
|---|---|---|---|
| 008 | 231129s2017||||xx |||||||||||||| ||spa|| | ||
| 020 | _a978-958-48-1735-8 | ||
| 040 | _bspa | ||
| 082 | _aCo864 H557f | ||
| 100 | _aHernández Jiménez Octavio | ||
| 245 | 0 | _aFiestas patronales entre lo sagrado y lo profano: Noventa años de la fiesta de la Virgen del Carmen en San José - Caldas | |
| 260 | _c2017 | ||
| 264 | _aManizales Colombia : Manigraf | ||
| 942 |
_2ddc _cBKS |
||
| 999 |
_c13929 _d13929 |
||